Lost TV Show Trivia - Statistics

General Stats
  • This quiz has been taken 6,233 times
  • The average score is 13 of 20
Answer Stats
Hint Answer % Correct
State where the show was filmed Hawaii
88%
John Locke's catchphrase Don't tell me what I {can}'{t} {do}
87%
Country Sayid is from Iraq
86%
Non-tropical animal that Sawyer shoots Polar Bear
84%
City the flight left from Sydney
83%
Character who lived in the hatch Desmond Hume
82%
Leader of the Others Ben Linus
80%
Nickname of Hugo Reyes Hurley
80%
Charlie's dying message Not {Penny}'s boat
77%
Airline the characters flew on Oceanic
70%
Protector of the island, twin of the "man in black" Jacob
68%
Sawyer's actual first name James
67%
Production company that made the show Bad {Robot}
58%
What John Locke does, according to Jack Mistakes coincidence for {fate}
57%
Name of Jack's father Christian
54%
Charlie's band DriveSHAFT
54%
Movie director who co-created Lost JJ Abrams
49%
Dharma station inside the hatch The {Swan}
48%
Type of doctor that Juliet is {Fertility} Specialist
45%
University associated with the Dharma project University of Michigan
14%
No matching quizzes found
Score Distribution
Percent of People with Each Score
Percentile by Number Answered
Your Score History
You have not taken this quiz